• 首页
  • 本馆介绍
  • 公告通知
  • 最新文献
  • 馆藏检索
  • 电子资源
  • 读者导购
  • 参考咨询
  • 我的图书馆
  • 登录
  • 详细信息显示
  • 放入我的书架
  • 预约/预借图书
  • 作者相关作品
  • 分类相关作品
  • 丛书相关作品
  • 出版社相关作品

书目信息

  • 表格格式
  • 工作单格式
  • 卡片格式
题名:
高级会计学
    
 
作者: 比姆斯 著 ;储一昀 译
分册:  
出版信息: 上海   上海财经大学出版社  2002
页数: 910页
开本: 29cm
丛书名: 新世纪高校会计学教材译丛
单 册:
中图分类: F230
科图分类:
主题词: 会计学--高等学校
电子资源:
ISBN: 7-81049-704-9
000 00906oam2 2200265 45
001 002209211
005 20050329101600.3
010    @a7-81049-704-9@dCNY115.00
100    @a20021211d2002 em y0chiy0110 ea
101 1  @achi@ceng
102    @aCN@b310000
105    @ay z 000yy
200 1  @a高级会计学@Agao ji kuai ji xue@f(美)弗洛伊德·A. 比姆斯等著@F(Mei)Fu Luo Yi De·A.Bi Mu Si Deng Zhu@g储一昀译
210    @a上海@c上海财经大学出版社@d2002
215    @a910页@d29cm
225 2  @a新世纪高校会计学教材译丛
305    @a据原书第7版译出
330    @a本书由合并财务报表问题(包括外币财务报表的合并),非营利组织会计和其他会计专题三部分组成,共计21章。
410    @1001002209195@1@12001 @a新世纪高校会计学教材译丛
606 0  @a会计学@x高等学校
690    @aF230@v4
701  0 @a比姆斯@4著
702  0 @a储一昀@AChu Yi Yun@4译
801  0 @aCN@bNLC@c20030110
905    @b346629-630@dF230@e137@f2
    
    高级会计学/(美)弗洛伊德·A. 比姆斯等著/储一昀译.-上海:上海财经大学出版社,2002
    910页;29cm.-(新世纪高校会计学教材译丛)
    
    
    ISBN 7-81049-704-9:CNY115.00
    本书由合并财务报表问题(包括外币财务报表的合并),非营利组织会计和其他会计专题三部分组成,共计21章。
●
相关链接 在E读中查询图书 在五车中查询图书 在当当中查询图书 在豆瓣中查询图书


正题名:高级会计学     索取号:F230/137         预约/预借

序号 登录号 条形码 馆藏地/架位号 状态 备注
1 0346629   203466294   第一样本阅览室/ [索取号:F230/137] 在馆    
2 0346630   203466301   第一借阅区/ [索取号:F230/137] 在馆    
唐山师范学院图书馆 欢迎您!
大连网信软件有限公司© 版权所有